The Heart Quiz Stats

 Plays Quiz Updated Nov 2, 2018

Score 0/22 Timer 06:00
2 Plays Today
Hint Answer % Correct
Acute myocardial infarctionHeart Attack
88%
The more common and colorful name for the U.S. Badge of Military MeritPurple Heart
79.4%
Billy Ray Cyrus's 1992 hit songAchy, Breaky Heart
74%
Take some Zantac to treat this symptom of gastroesophageal reflux disease Heartburn
70.9%
Tom Petty's backing bandThe Heartbreakers
69.2%
The farm belt region of the U.S.(the) Heartland
63.2%
Lewis Carroll character who apparently is quite the fan of decapitationQueen of Hearts
57.9%
Elvis's first #1 singleHeartbreak Hotel
47.3%
1843 Edgar Allan Poe short storyThe Tell-Tale Heart
47%
Joseph Conrad novella set in AfricaHeart of Darkness
39.9%
Nirvana's first single from In UteroHeart Shaped Box
38.8%
Hint Answer % Correct
He succeeded Henry II as king of EnglandRichard I the Lionheart
34.1%
Over-sized piano duet from the movie BigHeart and Soul
31.5%
The subject of this Huey Lewis song is still beating in Cleveland, Detroit & well several other citiesHeart of Rock 'n' Roll
29.3%
Tony Bennett's signature songI Left My Heart in San Francisco
28.4%
2009 film starring Jeff Bridges for which he won an OscarCrazy Heart
28%
Spaceship in The Hitchhiker's Guide to the Galaxy, also a Neil Young songHeart of Gold
27.3%
Beatles 1967 album and songSgt. Pepper's Lonely Hearts Club Band
25.2%
Role-playing game developed by Square EnixKingdom Hearts
21.6%
British TV police drama series set in 1960s YorkshireHeartbeat
17.2%
1990 film by David LynchWild at Heart
9.9%
Memoir and film from Mariane Pearl, the widow of the slain journalist Daniel PearlA Mighty Heart
8.2%

You're not logged in!

Compare scores with friends on all Sporcle quizzes.
OR
Log In

Sporcle TV

Today on Sporcle TV


Watch our educational content, quiz creation guides, and fun videos on Sporcle TV.

Show Comments

Extras

Top Quizzes Today


Score Distribution

Your Account Isn't Verified!

In order to create a playlist on Sporcle, you need to verify the email address you used during registration. Go to your Sporcle Settings to finish the process.

Report this User

Report this user for behavior that violates our Community Guidelines.

Details: